| 000 | 00391cam a22001217a 4500 | ||
|---|---|---|---|
| 008 | 180718b1989 xxu||||| |||| 00| 0 eng d | ||
| 082 | _aA6x73 Mc127 | ||
| 100 | _aDermott, John J. Mc | ||
| 245 |
_aStreams of experience: reflections on the history and philosophy of American culture _cby John J. Mc Dermott |
||
| 260 |
_aNew Delhi _bAsian _c1989 |
||
| 300 | _a266p. | ||
| 650 | _aAmerican history | ||
| 999 |
_c493227 _d493227 |
||